000 00424nam a2200133 a 4500
001 000043194
005 20201002040719.0
008 140224s19uu dr a 000 0 spa d
040 _aDO-SdBNP
_bspa
_cBNPHU
100 1 _aMedos Abreu, Misael
_970787
245 1 0 _aHardware :
_bmantenimiento y reparación de computadora. /
_cMisael Medos Abreu.
260 _a[Santo Domingo] :
_bCentu,
_c[19??].
300 _a185 p :
_bil. ;
_c28 cm.
999 _c42683
_d42683